000 00950 a2200265 4500
999 _c2933
_d2933
020 _a0716330598 (Fabian Society)
020 _a0855985240 (Oxfam)
050 0 0 _aJV6032 KIN 2003
100 1 _aKing, Russell,
_d1945-
245 1 0 _aExploding the migration myths :
_banalysis and recommendations for the European Union, the UK and Albania /
_cRussell King, Nicola Mai, Mirela Dalipaj.
264 _aLondon
_bFabian Society
_c2003
300 _avi, 111 p. :
_bmaps ;
500 _aExploding the migration myths
504 _aIncludes bibliographical references.
650 0 _aEmigration and immigration.
650 0 _aAlbanians
651 0 _aEuropean Union countries
651 0 _aGreat Britain
651 0 _aAlbania
700 1 _aMai, Nicola.
700 1 _aDalipaj, Mirela.
710 2 _aFabian Society (Great Britain)
942 _2lcc
_cBK
_h6032
_iKIN
_kJV